Central Library, Doon University
WEBOPAC (ONLINE PUBLIC ACCESS CATALOGUE)

Communication Skills (Record no. 60385)

MARC details
000 -LEADER
fixed length control field 00495nam a22002057a 4500
005 - DATE & TIME
control field 20260218151322.0
008 - FIXED-LENGTH DATA ELEMENTS--GENERAL INFORMATION
fixed length control field 260218b |||||||| |||| 00| 0 eng d
020 ## - ISBN
International Standard Book Number 9789354978555
Price 790.00
040 ## - CATALOGING SOURCE
Original cataloging agency Doon University
041 ## - Language
Language English
082 ## - DDC NUMBER
Classification number 651.7
Book Number SAN
100 ## - MAIN ENTRY--PERSONAL NAME
Personal name Sanjay, Kumar
245 ## - TITLE STATEMENT
Title Communication Skills
250 ## - EDITION STATEMENT
Edition statement 3rd
260 ## - PUBLICATION, DISTRIBUTION, ETC. (IMPRINT)
Place of publication, distribution, etc New Delhi
Name of publisher, distributor, etc Oxford University Press
Date of publication, distribution, etc 2026
300 ## - PHYSICAL DESCRIPTION
Pages 565
650 ## - Subject
Subject Management
700 ## - Added Entry Personal Name
Added Entry Personal Name Lata, Pushp
942 ## - ADDED ENTRY ELEMENTS (KOHA)
Koha item type Books
100 ## - MAIN ENTRY--PERSONAL NAME
-- 26287
952 ## - LOCATION AND ITEM INFORMATION (KOHA)
-- 2026-02-18
952 ## - LOCATION AND ITEM INFORMATION (KOHA)
-- 2026-02-18
952 ## - LOCATION AND ITEM INFORMATION (KOHA)
-- 2026-02-18
952 ## - LOCATION AND ITEM INFORMATION (KOHA)
-- 2026-03-06
952 ## - LOCATION AND ITEM INFORMATION (KOHA)
-- 2026-03-06
952 ## - LOCATION AND ITEM INFORMATION (KOHA)
-- 2026-03-06
Holdings
Withdrawn status Lost status Source of classification or shelving scheme Damaged status Not for loan Location (home branch) Sublocation or collection (holding branch) Date acquired Koha issues (times borrowed) Koha full call number Accession No. Koha date last seen Koha item type
          Doon University Doon University 18.02.2026   651.7 SAN 52836 18.02.2026 Books
          Doon University Doon University 18.02.2026   651.7 SAN 52837 18.02.2026 Books
          Doon University Doon University 18.02.2026   651.7 SAN 52838 18.02.2026 Books
        Not For Loan Doon University Doon University 06.03.2026   651.7 SAN 53280 06.03.2026 Reference
          Doon University Doon University 06.03.2026   651.7 SAN 53281 06.03.2026 Books
          Doon University Doon University 06.03.2026   651.7 SAN 53282 06.03.2026 Books
Contact : +91-135-2533126 (Library),+91-135-2533105 (Admin Office) , Email : doonlibrary@gmail.com

Powered by Koha